Quick Pick: Geometry Songs Quiz Stats

 Plays Quiz Updated Aug 11, 2018

Challenge
Share
Tweet
Score 0/10 Timer 01:00
0 Plays Today
% Correct
Plane
97.6%
Line
97%
Box
96.7%
Volume
96.5%
Circle
96.1%
Point
96%
Square
92.9%
Ray
91%
Round
88%
Straight
86.4%

Today's Daily Dose

You're not logged in!

Compare scores with friends on all Sporcle quizzes.
OR
Log In

You Might Also Like...

Show Comments

Extras

Top Quizzes Today


Score Distribution

Your Account Isn't Verified!

In order to create a playlist on Sporcle, you need to verify the email address you used during registration. Go to your Sporcle Settings to finish the process.

Report this User

Report this user for behavior that violates our Community Guidelines.

Details: